California's climate change policy: the case of a subnational state actor tackling a global challenge (Record no. 80642)

000 -LEADER
fixed length control field 00512pab a2200181 454500
008 - FIXED-LENGTH DATA ELEMENTS--GENERAL INFORMATION
fixed length control field 180718b2008 xxu||||| |||| 00| 0 eng d
100 ## - MAIN ENTRY--PERSONAL NAME
Personal name Mazmanian, Daniel A.
245 ## - TITLE STATEMENT
Title California's climate change policy: the case of a subnational state actor tackling a global challenge
260 ## - PUBLICATION, DISTRIBUTION, ETC.
Date of publication, distribution, etc. 2008
300 ## - PHYSICAL DESCRIPTION
Extent p.401-23.
362 ## - DATES OF PUBLICATION AND/OR SEQUENTIAL DESIGNATION
Dates of publication and/or sequential designation Dec
650 ## - SUBJECT ADDED ENTRY--TOPICAL TERM
Topical term or geographic name entry element Climatic change
700 ## - ADDED ENTRY--PERSONAL NAME
Personal name Nelson, Hal
700 ## - ADDED ENTRY--PERSONAL NAME
Personal name Jurewitz, Johan
773 ## - HOST ITEM ENTRY
Main entry heading Journal of Environment Development
908 ## - PUT COMMAND PARAMETER (RLIN)
Put command parameter N
909 ## -
-- 80642
Holdings
Withdrawn status Lost status Damaged status Not for loan Permanent Location Current Location Date acquired Serial Enumeration / chronology Barcode Date last seen Price effective from Koha item type
        Indian Institute of Public Administration Indian Institute of Public Administration 2018-07-19 Volume no: 17, Issue no: 4 AR81102 2018-07-19 2018-07-19 Articles

Powered by Koha